| 000 | 00447nam a22001697a 4500 | ||
|---|---|---|---|
| 003 | BD-DhUL | ||
| 005 | 20150123121932.0 | ||
| 008 | 150123s1967 bg a|||| |||| 000 0 eng d | ||
| 040 |
_cBD-DhUL _dBD-DhUL |
||
| 082 |
_a615.1 _bAHP |
||
| 100 | 1 | _aAhmad, K. | |
| 245 | 1 | 2 |
_aPractical pharmacology / _cK, Ahmad |
| 260 |
_achittagng : _bkohinoor library, _c1967. |
||
| 300 |
_aVI, 100 p. : _bill. ; _c25 cm. |
||
| 650 | o | _aPharmacology. | |
| 942 |
_2ddc _cBK |
||
| 999 |
_c35473 _d35473 |
||